| 000 | 003540000a22001570004500 | ||
|---|---|---|---|
| 003 | MACL | ||
| 040 | _aMACL | ||
| 090 |
_c48243 _d48241 |
||
| 100 | _aMishra,Dr. S.K. | ||
| 245 | _aLife and Works of Shashi Deshpande | ||
| 260 |
_aKanpur _bBhasker pub. _c2009 |
||
| 350 | _a595 | ||
| 650 | _aLiterature | ||
| 942 |
_cBOOK _k800/MAI |
||
| 951 | _o800/MAI BOOK | ||
| 999 |
_c47733 _d47733 |
||